| 000 | 00635nab a2200193 a 4500 | ||
|---|---|---|---|
| 005 | 20220216132211.0 | ||
| 008 | 991125s1985 mx 000 0 spa u | ||
| 035 | _aUPN01000172789 | ||
| 100 | 1 |
_aCastro, Roberto _q(Castro Pérez) _938228 |
|
| 222 | _aESTUDIOS SOCIOLOGICOS | ||
| 245 | _aLa universidad, como espacio de reproducción de la violencia de género : un estudio de caso en la Universidad Autónoma de Chapingo | ||
| 260 | _aMéxico | ||
| 300 | _a587-616 | ||
| 362 | 0 | _a2008 Vol. 26, no. 78, may.-ago. | |
| 653 | 0 | _aVIOLENCIA DE GENERO | |
| 653 | 0 | _aEDUCACION SUPERIOR | |
| 653 | 0 | _aACOSO SEXUAL | |
| 905 | _aArticulo | ||
| 999 |
_c144893 _d144893 |
||